000 00688nam a2200241Ia 4500
003 OSt
005 20220923230155.0
006 a|||||r|||| 00| 0
007 ta
008 220922b |||||||| |||| 00| 0 hin d
024 _a278,064
037 _cTextual
040 _aARTS
_cARTS
_bhin
041 _2hin
_ahin
082 _aO152,3:g, L4
100 _aचुग, सत्यपाल
245 0 _aऐतिहासिक उपन्यास
246 _aAitihāsik upanyāsa
260 _c1974
650 _aहिन्दी साहित्य
_9156264
942 _hO152,3:g, L4
_cTEXL
_2CC
999 _c383031
_d383031